000 00611nam a22002417a 4500
003 UA-OsUOA
001 92750
007 ta
008 20121224b un ||||| |||| 00| 0 ukr d
100 _aБогуславский В.
090 _a141.1
_bБ74
942 _cBK
040 _aUA-OsUOA
_brus
_cUA-OsUOA
_dUA-OsUOA
245 _aЭтьен Бонно де Кондильяк
300 _a190 с.
_bІлюстрації
955 _a3
041 _arus
080 _a141.1
260 _aМ.
_bМысль
_c1984
044 _aRU
650 7 _a1 Філософські науки
_2UDC
999 _c379184
_d379184